000 01649nam a22005293 4500
001 21867
003 VRT
005 20260313140146.0
008 240111s2023 xo a b 000 1 slo d
020 _a9788080887971
_q(viazané)
035 _aa000738487
039 9 _a202403130726
_bizakovicm
_c202403071026
_dfuskovaz
_c202401111426
_dMiskovav
040 _aUKB
_bslo
_dUKB
_erda
041 0 _aslo
044 _axo
_cSK
072 7 _a821-93
_xLiteratúra pre deti a mládež (beletria)
_2konspekt
072 7 _a821
_xLiteratúry v rôznych jazykoch
_2konspekt
080 _a821(100)-34
_22011
080 _a(0:82-34)
_22011
080 _a(082.21)
_22011
080 _a(084.1)
_22011
080 _a821-93
_22011
080 _a(0.038)
_22011
245 0 0 _aO troch prasiatkach a iné rozprávky
250 _aVydanie druhé
264 1 _aBratislava
_bMatys
_c2023
300 _a50 strán
_bfarebné ilustrácie
336 _atext
_btxt
_2rdacontent
337 _abez média
_bn
_2rdamedia
338 _azväzok
_bnc
_2rdacarrier
490 1 _aPrvé čítanie
490 1 _aKlasické rozprávky
500 _aObsahuje 3 diela
655 7 _asvetová literatúra
_2UKBPH
655 7 _asvetové rozprávky
_2UKBPH
655 7 _avýbery
_2UKBPH
655 7 _ailustrované publikácie
_2UKBPH
655 7 _apublikácie pre deti
_2UKBPH
740 0 2 _aTri prasiatka
740 0 2 _aPerníková chalúpka
740 0 2 _aAlica v krajine zázrakov
830 0 _aPrvé čítanie
830 0 _aKlasické rozprávky
942 _2ddc
_cKLDE
_n0
949 _61800937787
_a33.D.67736
_bPV.2023-9718
949 _61800937788
_aSJ.D.38399
_bPV.2023-9720
999 _c21867
_d21867